Erfolgreichste Karnevalshits pro Saison - Statistiken

Allgemein
  • Dieses Quiz wurde 41 mal gespielt
  • Das Durchschnittsergebnis liegt bei 8 aus 25
Antwortstatistiken
Jahr/Saison Song Interpret Tipp Höchstposition Wochen % Korrekt
2025/26 Karnevalsmaus Druckluft 🐭 1 5
69%
2020/21 Kölsche Jung Brings ⛪🏙👦 76 1
67%
2018/19 Kölsche Jung Brings ⛪🏙👦 95 1
67%
2017/18 Kölsche Jung Brings 86 1
67%
2014/15 Kölsche Jung Brings ⛪🏙👦 48 1
67%
2013/14 Kölsche Jung Brings 41 4
67%
2024/25 Nie mehr Fastelovend Querbeat 🚫🤡🎭 16 2
53%
2023/24 Nie mehr Fastelovend Querbeat 18 2
53%
2022/23 Nie mehr Fastelovend Querbeat 25 2
53%
2002/03 Viva Colonia Höhner 🙌⛪🏙 24 7
53%
2015/16 Leev Marie Paveier 💗👩 34 2
42%
2016/17 Liebe deine Stadt Mo-Torres, Cat Ballou & Lukas Podolski 💗🏙 26 1
33%
2008/09 Wenn nicht jetzt, wann dann? Höhner 🕔🤷‍♀️ 61 6
33%
2007/08 Wenn nicht jetzt, wann dann? Höhner 26 13
33%
2006/07 Wenn nicht jetzt, wann dann? Höhner 1 2
33%
2001/02 Sansi Bar Höhner feat. Mama Afrika 🏝🌍 33 6
17%
2000/01 Dicke Mädchen haben schöne Namen Höhner 🤰 41 7
11%
2003/04 Rut sin de Ruse De Boore 🌹 25 14
11%
2012/13 Ävver et hätz bliev he in Kölle Stefan Raab & die Höhner 💗⛪🏙 38 3
6%
1999/00 Die längste Karnevalssingle der Welt Höhner Medley 51 6
6%
2011/12 6 bis 8 Stunden Schlaf Höhner 🕐🕗😴 67 3
3%
2010/11 Carneval Höhner 🎉🤡🎭 48 2
3%
2009/10 He deit et wih un do deit et wih Bläck Fööss 😧😢 22 5
0%
2004/05 Länger Höhner 🕙⏪ 60 6
0%
2005/06 Ohne Dich geht es nicht! Höhner 🚫🧑😭 63 7
0%
Keine übereinstimmenden Quizze gefunden
Verteilung der Resultate
Anzahl Personen mit jedem Resultat
Perzentil nach korrekt beantworteten Fragen
Ihre Resultats-Entwicklung
Sie haben dieses Quiz noch nicht gespielt